000 00732nam a2200289 a 4500
003 AR-BaBNM
005 20251128210715.0
008 082120s2002 ||||||||||||||000 | spa||
020 _a950-739-779-5
040 _cAR-BaBNM
100 1 _aGandhi, Mahatma
245 0 0 _aReflexiones sobre la verdad
260 _aBuenos Aires
_bErrepar
_c1999
300 _a121 p.
490 0 _aClásicos de bolsillo
_vv. 40
650 4 _aHISTORIA CONTEMPORANEA
650 4 _aFILOSOFIA POLITICA
650 4 _aETICA POLITICA
650 4 _aPACIFISMO
650 4 _aNO VIOLENCIA
650 4 _aCOLONIALISMO
651 4 _aIndia
653 _aFILOSOFIA MORAL
700 1 _aGrinberg, Miguel
_eprologuista
942 _cBK
998 _cMARTIN
999 _c16533
_d16533